| Поле | Название | Значение |
| |
Тип записи |
a |
| |
Библиографический уровень |
m |
| 001 |
Контрольный номер |
RU/IS/BASE/476815565 |
| 005 |
Дата корректировки |
20251003164058.5 |
| 010 |
Индекс ISBN |
__ |
| d |
Цена |
30-00 |
| 100 |
Данные общей обработки |
__ |
| a |
Данные общей обработки |
19150209d2012||||||| 0rusy0189 ca |
| 101 |
Язык документа |
0_ |
| a |
Язык текста |
rus |
| 102 |
Страна публикации |
__ |
| a |
Страна публикации |
ru| |
| 105 |
Кодированные данные (монография) |
__ |
| a |
Кодированные данные (монография) |
a|||||||000zy |
| 200 |
Заглавие и сведения об ответственности |
1_ |
| a |
Заглавие |
Сургутские легенды |
| e |
Сведения, относящиеся к заглавию |
коллекция авторских тортов |
| f |
Первые сведения об ответственности |
[Кондитерская фирма "Кешка-сладкоежка" ; Центральная городская библиотека им. А. С. Пушкина] |
| b |
Общее обозначение материала |
Текст |
| 210 |
Выходные данные |
__ |
| a |
Место издания |
[Сургут] |
| c |
Издательство |
[б. и.] |
| d |
Дата издания |
[2012?] |
| 215 |
Физическое описание |
__ |
| a |
Объем |
1 л. (слож. в 11 с.) |
| c |
Иллюстрации/тип воспроизводства |
цв. ил. |
| d |
Формат |
22 см |
| 300 |
Общие примечания |
__ |
| a |
Общие примечания |
Тираж не указан |
| 330 |
Аннотация |
__ |
| a |
Аннотация |
Краткая история нашего города, хантыйские легенды и были, вдохновившие мастеров "Кешки-сладкоежки" на создание авторских тортов. |
| 601 |
Наименование организации как предмет |
__ |
| a |
Наименование организации как предмет |
Кешка-сладкоежка, кондитерская фирма |
| 606 |
Тематические рубрики |
__ |
| a |
Основная рубрика |
Экономика |
| 606 |
Тематические рубрики |
__ |
| a |
Основная рубрика |
Экономика легкой и пищевой промышленности |
| y |
Географическая подрубрика |
Россия |
| y |
Географическая подрубрика |
Сургут |
| y |
Географическая подрубрика |
Тюменская область |
| y |
Географическая подрубрика |
Ханты-Мансийский автономный округ - Югра |
| y |
Географическая подрубрика |
ХМАО-Югра |
| 606 |
Тематические рубрики |
__ |
| a |
Основная рубрика |
История |
| 606 |
Тематические рубрики |
__ |
| a |
Основная рубрика |
История России в целом |
| 610 |
Ключевые слова |
__ |
| a |
Ключевые слова |
авторские торты |
| a |
Ключевые слова |
достопримечательности |
| a |
Ключевые слова |
история городов |
| a |
Ключевые слова |
кондитерские изделия |
| a |
Ключевые слова |
кондитерские предприятия |
| a |
Ключевые слова |
кондитерские фирмы |
| a |
Ключевые слова |
кондитерское производство |
| a |
Ключевые слова |
краеведение |
| a |
Ключевые слова |
малый бизнес |
| a |
Ключевые слова |
предпринимательство |
| a |
Ключевые слова |
торты |
| a |
Ключевые слова |
хантыйские легенды |
| a |
Ключевые слова |
хантыйский фольклор |
| 686 |
Индексы других классификаций |
__ |
| 2 |
Код системы |
rubbks |
| a |
Классификационный индекс |
К63.3(2Рос-6Хан-2Сургут) |
| 686 |
Индексы других классификаций |
__ |
| 2 |
Код системы |
rubbks |
| a |
Классификационный индекс |
К65.305.735(2Рос) |
| 711 |
Наименование организации. (Альтернативная ответственность) |
__ |
| a |
Организация/ юрисдикция |
Центральная городская библиотека им. А. С. Пушкина |
| 711 |
Наименование организации. (Альтернативная ответственность) |
__ |
| a |
Организация/ юрисдикция |
Кондитерская фирма "Кешка-сладкоежка" |
| 801 |
Источник записи |
_0 |
| a |
Страна |
ru |
| b |
Организация |
Муниципальное бюджетное учреждение культуры "Централизованная библиотечная система" г. Сургут (Центральная городская библиотека им. А. С. Пушкина) |
| c |
Дата составления |
20150209 |
| g |
Правила каталогизации |
КиК/Котельникова |
| 801 |
Источник записи |
_1 |
| a |
Страна |
ru |
| b |
Организация |
Муниципальное бюджетное учреждение культуры "Централизованная библиотечная система" г. Сургут (Центральная городская библиотека им. А. С. Пушкина) |
| c |
Дата составления |
20150209 |
| g |
Правила каталогизации |
КиК/Котельникова |
| 852 |
Данные о местонахождении |
__ |
| j |
Шифр хранения |
К63.3(2Рос-6Хан-2Сургут) |
| i |
Авторский знак |
С 90 |
| 901 |
Тип документа |
__ |
| t |
Тип документа |
m |
| 903 |
Характеристики (МАРС) |
__ |
| a |
Дата передачи |
20150210 |
| 969 |
Тип издания |
__ |
| a |
Тип издания |
буклет |
| 990 |
Данные о заказе (DOS) |
__ |
| j |
Количество экземпляров (DOS) |
1 |
| t |
N записи в КСУ для И/У (DOS) |
201502 |